|
|
|
|
| LEADER |
00000nam0a2200000 4500 |
| 001 |
153714 |
| 005 |
20231031151506.0 |
| 035 |
|
|
|a (RuTPU)RU\TPU\book\166754
|
| 090 |
|
|
|a 153714
|
| 100 |
|
|
|a 20090216d1966 k y0rusy50 ca
|
| 101 |
0 |
|
|a rus
|
| 102 |
|
|
|a RU
|
| 105 |
|
|
|a a z 001zy
|
| 200 |
1 |
|
|a К методике определения прочности горных пород
|e научный доклад
|f М. М. Протодьяконов, М. П. Мохначев
|g Академия наук СССР (АН СССР), Институт горного дела им. А. А. Скочинского (ИГД)
|
| 210 |
|
|
|a Москва
|c Изд-во ИГД
|d 1966
|
| 215 |
|
|
|a 20 с.
|c ил.
|
| 320 |
|
|
|a Библиогр.: с. 19.
|
| 333 |
|
|
|a Исключено из фонда НТБ ТПУ
|
| 675 |
|
|
|a 622.83
|v 3
|
| 675 |
|
|
|a 622.21
|v 3
|
| 700 |
|
1 |
|a Протодьяконов
|b М. М.
|g Михаил Михайлович
|
| 701 |
|
1 |
|a Мохначев
|b М. П.
|
| 712 |
0 |
2 |
|a Академия наук СССР (АН СССР)
|b Институт горного дела им. А. А. Скочинского (ИГД)
|c (Люберцы)
|2 stltpush
|3 (RuTPU)RU\TPU\col\11351
|
| 801 |
|
1 |
|a RU
|b 63413507
|c 20090216
|g PSBO
|
| 801 |
|
2 |
|a RU
|b 63413507
|c 20220531
|g RCR
|
| 942 |
|
|
|c BK
|